| 000 | 00360nam a22001577a 4500 | ||
|---|---|---|---|
| 003 | SGT | ||
| 020 | _a6497881765694 | ||
| 082 | _a05.13 BAY | ||
| 100 | _aBAYROSS,LVAN | ||
| 245 | _aSQL,PL/ SQL THE PROGRAMMING LANGUAGE OF ORACLE | ||
| 250 | _a7TH | ||
| 260 |
_aNEW DELHI _bBPB PUBLICATION _c2009 |
||
| 300 | _a470 | ||
| 650 | _aCOMPUTER | ||
| 942 |
_2ddc _cBK |
||
| 999 |
_c21061 _d21061 |
||